Vista normal Vista MARC

Entrada Nombre corporativo

Número de registros utilizados en: 1

001 - NÚMERO DE CONTROL

  • Campo de control: 10730

003 - IDENTIFICADOR DE NÚMERO DE CONTROL

  • Campo de control: OSt

005 - FECHA Y HORA DE LA ULTIMA MODIFICACION

  • Campo de control: 20131206172655.0

008 - ELEMENTOS DE DATOS DE LONGITUD FIJA

  • Campo de longitud fija: 131206|| aca||aabn | a|a d

040 ## - FUENTE DE LA CATALOGACIÓN

  • Agencia original de catalogación: OSt

082 ## - NÚMERO DE LA CLASIFICACION DEWEY

  • Número de clasificación: 226.7

110 20 - ENCABEZAMIENTO--NOMBRE CORPORATIVO

  • Nombre corporativo o de jurisdicción como elemento de entrada: Monasterio de la Madre de Dios (Buenafuente del Sistal)

410 20 - TRAZADO VEÁSE--NOMBRE CORPORATIVO

  • Nombre corporativo o de jurisdicción como elemento de entrada: Monasterio de Santa María de Buenafuente

410 20 - TRAZADO VEÁSE--NOMBRE CORPORATIVO

  • Nombre corporativo o de jurisdicción como elemento de entrada: Monasterio de Buenafuente del Sistal

410 20 - TRAZADO VEÁSE--NOMBRE CORPORATIVO

  • Nombre corporativo o de jurisdicción como elemento de entrada: Monasterio de Buenafuente

410 20 - TRAZADO VEÁSE--NOMBRE CORPORATIVO

  • Nombre corporativo o de jurisdicción como elemento de entrada: Monasterio Cisterciense de la Madre de Dios (Buenafuente del Sistal)

670 ## - FUENTE DE DATOS ENCONTRADOS

  • Fuente de citación: Autoridades de la BNE, 06-12-2013